Euler's Sequence - Statistics

General Stats
  • This quiz has been taken 3 times
  • The average score is 2 of 21
Answer Stats
Iteration Number (rounded to nearest full number) % Correct
2√ 2
100%
1 3
50%
2 7
50%
7 1,097
0%
14 1,202,604
0%
5 148
0%
12 162,755
0%
19 178,482,301
0%
3 20
0%
17 21,154,953
0%
10 22,026
0%
8 2,981
0%
15 3,269,017
0%
6 403
0%
13 442,413
0%
20 485,165,195
0%
4 55
0%
11 59,874
0%
18 65,659,969
0%
9 8,103
0%
16 8,886,111
0%
No matching quizzes found
Score Distribution
Percent of People with Each Score
Percentile by Number Answered
Your Score History
You have not taken this quiz